LEADER 00957nam0-2200325---450- 001 990009523750403321 005 20120203130143.0 010 $a978-0-521-45595-4 035 $a000952375 035 $aFED01000952375 035 $a(Aleph)000952375FED01 035 $a000952375 100 $a20120203d2009----km-y0itay50------ba 101 0 $aeng 102 $aGB 105 $ay-------001yy 200 1 $aAncient Greek political thought in practice$fPaul Cartledge 210 $aCambridge$cCambridge University Press$d2009 215 $aXXIII, 169 p.$d23 cm 225 1 $aKey themes in ancient history 610 0 $aGrecia antica$aPolitica 676 $a320.01$v22$zita 700 1$aCartledge,$bPaul$0176602 801 0$aIT$bUNINA$gREICAT$2UNIMARC 901 $aBK 912 $a990009523750403321 952 $a320.01 CAR 1$bDip.Dis.St.12425$fFLFBC 959 $aFLFBC 996 $aAncient Greek political thought in practice$952944 997 $aUNINA LEADER 02435nam0 22004453i 450 001 CFI0190182 005 20251003044131.0 010 $a8813168535 100 $a20250311d1989 ||||0itac50 ba 101 | $aita 102 $ait 181 1$6z01$ai $bxxxe 182 1$6z01$an 183 1$6z01$anc$2RDAcarrier 200 1 $aˆL'‰imprenditore e la cultura imprenditoriale$efattori ostacolanti e stimolanti nella crescita delle piccole e medie imprese$fricerca qualitativa su un campione di imprenditori effettuata da una comunità di ricerca del CIS, Centro studi d'impresa$gcoordinatore scientifico: Fabio Corno 210 $aPadova$cCEDAM$d©1989 215 $aXXI, 149 p.$d24 cm. 225 | $aUomo impresa$fCIS$v4 410 0$1001CFI0105902$12001 $aUomo impresa$fCIS$v4$171202$aCentro studi d'impresa$3CFIV044705 606 $aImprenditori$2FIR$3CFIC020478$9E 676 $a338.4$9Produzione. Industrie secondarie e servizi$v14 686 $aSe.i.14.2.2.8$cStoria dell'economia italiana. 1963-1975. I settori industriali e l'edilizia; la piccola e media industria e l'artigianato$2F 702 1$aCorno$b, Fabio$3CFIV066317 712 02$aCentro studi d'impresa$3CFIV044705 791 02$aCIS$c $3CFIV070137$zCentro studi d'impresa 791 02$aCIS Italia$3CFIV161730$zCentro studi d'impresa 791 02$aCentro studi impresa$3MILV243950$zCentro studi d'impresa 791 02$aCentro studi impresa$c $3MILV243951$zCentro studi d'impresa 791 02$aCIS$c $3CFIV070137$zCentro studi d'impresa 791 02$aCIS Italia$3CFIV161730$zCentro studi d'impresa 791 02$aCentro studi impresa$3MILV243950$zCentro studi d'impresa 791 02$aCentro studi impresa$c $3MILV243951$zCentro studi d'impresa 801 3$aIT$bIT-000000$c20250311 850 $aIT-BN0095 901 $bNAP 01$cPOZZO LIB.$nVi sono collocati fondi di economia, periodici di ingegneria e scienze, periodici di economia e statistica e altri fondi comprendenti documenti di economia pervenuti in dono. 912 $aCFI0190182 950 0$aBiblioteca Centralizzata di Ateneo$c1 v.$d 01POZZO LIB.ECON MON 8775$e 0101 0000103315E VMA 1 v. (Precedente collocazione: GUERRAZZI B 1441)$fB $h20091210$i20091210 977 $a 01 996 $aImprenditore e la cultura imprenditoriale$962934 997 $aUNISANNIO